مكتبة جامعة عجلون الوطنية

فهرس بحث المكتبة

Normal view MARC view
  • تالبف Hunt,Gilbet H, Dennis G.Wiseman؛ ترجمة رفعة رافع الزعبي؛ مراجعة محي الدين توق

Entry Personal Name

Number of records used in: 1

001 - CONTROL NUMBER

  • control field: 60034

003 - CONTROL NUMBER IDENTIFIER

  • control field: JO-AjAnu

005 - DATE AND TIME OF LATEST TRANSACTION

  • control field: 20230606083819.0

008 - FIXED-LENGTH DATA ELEMENTS

  • fixed length control field: 230606|| aca||aabn | a|a d

040 ## - CATALOGING SOURCE

  • Original cataloging agency: JO-AjAnu
  • Transcribing agency: JO-AjAnu

100 ## - HEADING--PERSONAL NAME

  • Personal name: تالبف Hunt,Gilbet H, Dennis G.Wiseman؛ ترجمة رفعة رافع الزعبي؛ مراجعة محي الدين توق

670 ## - SOURCE DATA FOUND

  • Source citation: Work cat.: (JO-AjAnu)30614: تالبف Hunt,Gilbet H, Dennis G.Wiseman؛ ترجمة رفعة رافع الزعبي؛ مراجعة محي الدين توق, author, افضل الممارسات في الدافعية والادارة في غرفة الصف=BEST PRACTICE IN MOTIVATION AND MANAGEMENT IN THE CLASSROOM